2016 University of Michigan Football Schedule - Statistics

General Stats
  • This quiz has been taken 275 times
  • The average score is 10 of 13
Answer Stats
Date Location Score Answer % Correct
11/26/16 Away 27-30 (L) Ohio State
98%
10/29/16 Away 32-23 (W) Michigan State
95%
9/24/16 Home 49-10 (W) Penn State
91%
11/12/16 Away 13-14 (L) Iowa
88%
10/8/16 Away 78-0 (W) Rutgers
87%
11/19/16 Home 20-14 (W) Indiana
85%
10/1/16 Home 14-7 (W) Wisconsin
82%
11/5/16 Home 59-3 (W) Maryland
79%
10/22/16 Home 41-8 (W) Illinois
75%
12/30/16 Bowl Game 32-33 (L) Florida State
70%
9/3/16 Home 63-3 (W) Hawaii
53%
9/17/16 Home 45-28 (W) Colorado
47%
9/10/16 Home 51-14 (W) UCF
30%
No matching quizzes found
Score Distribution
Percent of People with Each Score
Percentile by Number Answered
Your Score History
You have not taken this quiz